[Event "Saarbruecken-chT U20"]
[Site "Saarbruecken"]
[Date "2006.11.22"]
[Round "4.5"]
[White "Ludwig, Lisa"]
[Black "Goebel, Constantin"]
[Result "0-1"]
[WhiteElo "1444"]
[BlackElo "1819"]
[PlyCount "90"]
[EventDate "2006.11.??"]
[EventType "team"]
[EventRounds "7"]
[EventCountry "GER"]
[SourceTitle "EXT 2008"]
[Source "ChessBase"]
[SourceDate "2007.11.25"]
[SourceVersion "1"]
[SourceVersionDate "2007.11.25"]
[SourceQuality "1"]

1. Nc3 d5 2. e4 e6 3. Nf3 Nf6 4. exd5 exd5 5. d4 Bd6 6. Bg5 0-0 7. Bxf6 Qxf6 8. Nxd5 Qe6+ 9. Ne3 Bf4 10. Bc4 Qe7 11. Qd3 Re8 12. 0-0 Bxe3 13. Qxe3 Qd8 14. Qf4 Be6 15. Bxe6 Rxe6 16. Rfe1 Rxe1+ 17. Rxe1 Nc6 18. c3 h6 19. Ne5 Qe8 20. Kf1 Nxe5 21. Qxe5 Qc6 22. a3 Rc8 23. Qf5 Rf8 24. Re7 Qc4+ 25. Ke1 Qb3 26. Rxc7 Qxb2 27. Qd7 Qxa3 28. Rxb7 Qxc3+ 29. Kd1 a5 30. d5 Qd4+ 31. Ke2 a4 32. Ra7 a3 33. Qa4 Qe5+ 34. Kf3 Qxd5+ 35. Qe4 Qc5 36. Ra4 Rb8 37. Qd3 Qc6+ 38. Qe4 Qf6+ 39. Qf4 Qc6+ 40. Qe4 Rb3+ 41. Kf4 Qf6+ 42. Qf5 g5+ 43. Ke4 Qc6+ 44. Qd5 Qxa4+ 45. Ke5 Rb5 0-1

[Event "GER-ch U16 Girls"]
[Site "Willingen"]
[Date "2006.06.07"]
[Round "7"]
[White "Ludwig, Lisa"]
[Black "Reh, Rebecca"]
[Result "0-1"]
[WhiteElo "1421"]
[BlackElo "1709"]
[PlyCount "94"]
[EventDate "2006.06.03"]
[EventType "swiss"]
[EventRounds "9"]
[EventCountry "GER"]
[SourceTitle "EXT 2007"]
[Source "ChessBase"]
[SourceDate "2006.11.23"]
[SourceVersion "1"]
[SourceVersionDate "2006.11.23"]
[SourceQuality "1"]

1. Nc3 c5 2. e4 Nc6 3. g3 e6 4. Bg2 Nge7 5. Nf3 g6 6. d3 Bg7 7. 0-0 0-0 8. Be3 d6 9. Qd2 Nd4 10. Bh6 Nxf3+ 11. Bxf3 Nc6 12. Bxg7 Kxg7 13. Bg2 Bd7 14. f4 Nd4 15. Ne2 Nxe2+ 16. Qxe2 f5 17. exf5 exf5 18. Rae1 Re8 19. Qf2 Qb6 20. b3 Bc6 21. Rxe8 Rxe8 22. Re1 Rf8 23. Re7+ Rf7 24. Qe3 Bxg2 25. Kxg2 Qd8 26. Rxf7+ Kxf7 27. Kf3 Qa5 28. a4 Qc3 29. Qe2 Qd4 30. Qe3 Qxe3+ 31. Kxe3 d5 32. c3 Ke6 33. c4 d4+ 34. Ke2 a6 35. Ke1 h6 36. h4 Kd6 37. Kd2 Kc6 38. Kc2 Kb6 39. Kb2 Ka5 40. Ka3 h5 41. Ka2 Kb4 42. Kb2 b6 43. a5 bxa5 44. Kc2 Ka3 45. b4 axb4 46. Kd2 b3 47. Kc1 b2+ 0-1

[Event "GER-ch U14 Girls"]
[Site "Willingen"]
[Date "2004.05.31"]
[Round "4"]
[White "Stellwagen, Katja"]
[Black "Ludwig, Lisa"]
[Result "1-0"]
[WhiteElo "1433"]
[BlackElo "1224"]
[PlyCount "63"]
[EventDate "2004.06.??"]
[EventType "swiss"]
[EventRounds "9"]
[EventCountry "GER"]
[SourceTitle "EXT 2005"]
[Source "ChessBase"]
[SourceDate "2004.11.15"]
[SourceVersion "1"]
[SourceVersionDate "2004.11.15"]
[SourceQuality "1"]

1. e4 g6 2. d4 Bg7 3. Be3 d6 4. Nc3 Nf6 5. Qd2 0-0 6. 0-0-0 a6 7. Bh6 b5 8. f3 Bb7 9. h4 Nbd7 10. g4 Kh8 11. Bxg7+ Kxg7 12. h5 g5 13. Qxg5+ Kh8 14. Qe3 Rg8 15. g5 Ne8 16. f4 b4 17. Nce2 c5 18. Ng3 a5 19. Bb5 Nc7 20. Bxd7 Qxd7 21. dxc5 Qc6 22. Qd4+ e5 23. Qxd6 Qxd6 24. cxd6 exf4 25. dxc7 fxg3 26. Rd8 Bxe4 27. Rh4 Bb7 28. Rhd4 Bc8 29. h6 f6 30. gxf6 g2 31. f7 Rxd8 32. Rxd8# 1-0

[Event "GER-ch U12"]
[Site "Winterberg"]
[Date "2002.05.20"]
[Round "4"]
[White "Gorodetski, Boris"]
[Black "Ludwig, Lisa"]
[Result "1-0"]
[WhiteElo "1309"]
[BlackElo "945"]
[PlyCount "89"]
[EventDate "2002.05.19"]
[EventType "swiss"]
[EventRounds "11"]
[EventCountry "GER"]
[SourceTitle "CBM 088 Extra"]
[Source "ChessBase"]
[SourceDate "2002.07.01"]
[SourceVersion "2"]
[SourceVersionDate "2002.07.01"]
[SourceQuality "1"]

1. d4 d6 2. Nc3 Nf6 3. Bg5 Nbd7 4. Qd2 g6 5. 0-0-0 Bg7 6. Bh6 0-0 7. Bxg7 Kxg7 8. h4 e5 9. d5 Nc5 10. f3 a6 11. g4 b5 12. h5 b4 13. Nb1 a5 14. hxg6 fxg6 15. Qh6+ Kg8 16. Nh3 Qe7 17. e4 Qg7 18. Qh4 Ba6 19. Bxa6 Rxa6 20. Nd2 a4 21. Rdf1 b3 22. cxb3 axb3 23. a3 Nd3+ 24. Kb1 c5 25. Ng5 Rc8 26. Nc4 Nf4 27. Rh2 Rb8 28. Rfh1 Rb7 29. Qg3 Rd7 30. Qh4 Nd3 31. Ne6 Qf7 32. Qg3 Qe7 33. f4 Nxf4 34. Nxf4 exf4 35. Qxf4 Qxe4+ 36. Qxe4 Nxe4 37. Re1 Nf6 38. g5 Ng4 39. Rhe2 Kf7 40. Re8 Nh2 41. Rb8 Ra4 42. Nb6 Raa7 43. Nxd7 Rxd7 44. Rh1 Ng4 45. Rxh7# 1-0

[Event "GER-ch U12"]
[Site "Winterberg"]
[Date "2002.05.20"]
[Round "5"]
[White "Ludwig, Lisa"]
[Black "Wassilian, Diana"]
[Result "1/2-1/2"]
[WhiteElo "945"]
[BlackElo "1341"]
[PlyCount "58"]
[EventDate "2002.05.19"]
[EventType "swiss"]
[EventRounds "11"]
[EventCountry "GER"]
[SourceTitle "CBM 088 Extra"]
[Source "ChessBase"]
[SourceDate "2002.07.01"]
[SourceVersion "2"]
[SourceVersionDate "2002.07.01"]
[SourceQuality "1"]

1. Nc3 d5 2. d4 Nf6 3. Bg5 e6 4. e4 h6 5. e5 hxg5 6. exf6 Qxf6 7. Nb5 Qe7 8. Qd2 a6 9. Nc3 Qb4 10. 0-0-0 Be7 11. g4 Nc6 12. Nf3 f6 13. Be2 Bd6 14. Qd3 Bf4+ 15. Kb1 Rh6 16. h4 gxh4 17. Rxh4 Qe7 18. Rxh6 Bxh6 19. Qg6+ Qf7 20. Qxf7+ Kxf7 21. Rg1 Bd7 22. g5 Bxg5 23. Nxg5+ fxg5 24. Rxg5 Kf6 25. Rg4 g5 26. f4 Rg8 27. Bd3 Nb4 28. Be2 Rg6 29. a3 Nc6 1/2-1/2